Az oligopóliumoktól a monopolisztikus versenyig. Mikrogazdasági és intézményi elemzés - a taxi-, a könyv, és a virágpiac viszgálátára alapozva.
Na príklade troch odborov malopodnikania autorka rozoberá súčasný trend podnikania v Maďarsku a jeho podporu zo strany štátu. Úloha, postavenie a ochota podnikateľov podstúpiť riziko. Tzv. franchising systém hospodárenia. Počty zamestnancov v malých a stredných podnikoch. Otázky daní a cien.
Salvato in:
| Autore principale: | |
|---|---|
| Natura: | Capitolo di libro |
| Lingua: | ungherese |
| Soggetti: | |
| Tags: |
Nessun Tag, puoi essere il primo ad aggiungerne!!
|
MARC
| LEADER | 00000naa a2200000 4500 | ||
|---|---|---|---|
| 001 | r011184 | ||
| 005 | 20221125113622.4 | ||
| 041 | 0 | |a hun | |
| 044 | |a HU | ||
| 245 | 1 | 0 | |a Az oligopóliumoktól a monopolisztikus versenyig. Mikrogazdasági és intézményi elemzés - a taxi-, a könyv, és a virágpiac viszgálátára alapozva. |c K. Szabó |
| 520 | |a Na príklade troch odborov malopodnikania autorka rozoberá súčasný trend podnikania v Maďarsku a jeho podporu zo strany štátu. Úloha, postavenie a ochota podnikateľov podstúpiť riziko. Tzv. franchising systém hospodárenia. Počty zamestnancov v malých a stredných podnikoch. Otázky daní a cien. | ||
| 610 | 2 | 0 | |a oligopoly |
| 610 | 2 | 0 | |a podnikanie drobné |
| 610 | 2 | 0 | |a MR |
| 610 | 2 | 0 | |a podnikatelia |
| 610 | 2 | 0 | |a franchising |
| 610 | 2 | 0 | |a podnik malý |
| 610 | 2 | 0 | |a podnik stredný |
| 610 | 2 | 0 | |a dane |
| 610 | 2 | 0 | |a ceny |
| 610 | 2 | 0 | |a počet pracovníkov |
| 610 | 2 | 0 | |a riziko |
| 100 | 1 | |a Szabó, K. | |